000 00737nam a2200205Ia 4500
003 GCL
008 140319s9999 xx 000 0 ara d
040 _aGCL /
_cGCL
082 0 4 _a810.95
_bف م
100 1 _aفخرالدين محمد يوسف عامر
245 1 0 _aمنهج البحث الادبى عند ابن خلكان /
_cفخرالدين محمد يوسف عامر
300 _a327 ص
490 _aالهيئة العامة للاستعلامات
_v0
650 0 4 _aالادب العربى
650 0 4 _aطرق البحث
650 0 4 _aالدولة العباسية الثانية
650 0 4 _aالدولة العباسية الثالثة
650 0 4 _aالادب العربى - تاريخ ونقد
942 _2ddc
_cBK
999 _c49215
_d49215